000
00267nam a22001097a 4500
999
_c
67237
_d
67234
082
_a
PIE
100
_a
Piel,Jonathan
245
_a
Scientific American:The Molecules Of Life
260
_a
New York
_b
Scientific American Institute
_c
1985
300
_a
166p
942
_c
BK